| 000 | 00817cab a2200277 4500 | ||
|---|---|---|---|
| 001 | ABS59572 | ||
| 008 | 090401t1998 xxu||||| |||| 00| 0 eng d | ||
| 035 | _a(Sirsi) u88996 | ||
| 041 | _aeng | ||
| 100 | _aAppleby, M. | ||
| 245 | _aFloodplains - time for a fresh look | ||
| 260 | _c1998 | ||
| 350 | _a0 | ||
| 490 |
_aRural Property Bulletin _vJuly/August 1998, 24-27(4) |
||
| 520 | _aReviews the changing attitudes to floodplain management and how these and more general planning concerns have resulted in current policy. | ||
| 650 | _aENVIRONMENT AGENCY | ||
| 650 | _aFLOODPLAINS | ||
| 650 | _aGREENFIELD DEVELOPMENT | ||
| 650 | _aINLAND WATERWAYS | ||
| 650 | _aPLANNING POLICY | ||
| 650 | _aRIVER MANAGEMENT | ||
| 650 | _aWATERCOURSES | ||
| 690 | _aWATER | ||
| 942 | _n0 | ||
| 948 | _c15/10/1998 | ||
| 999 |
_c56278 _d56278 |
||